7 to 1: Fantasy Authors and Novels Quiz Stats

 Plays Quiz Updated Aug 1, 2018

Score 0/28 Timer 04:00
0 Plays Today
% Correct
The Lion, the Witch and the Wardrobe
95.5%
The Fellowship of the Ring
92.6%
The Hobbit
91.8%
A Game of Thrones
91.3%
Prince Caspian
91%
The Return of the King
90.6%
The Two Towers
90.6%
A Dance with Dragons
86.4%
A Clash of Kings
83.7%
The Magician's Nephew
82.1%
The Voyage of the Dawn Treader
82.1%
A Storm of Swords
81.9%
A Feast for Crows
81.7%
The Silver Chair
78.4%
% Correct
The Horse and His Boy
75.2%
The Last Battle
71.4%
American Gods
68.1%
The Fires of Heaven
65.9%
The Dragon Reborn
65.8%
The Eye of the World
64.8%
The Color of Magic
53.3%
The Shadow Rising
51.7%
Anansi Boys
49.3%
The Graveyard Book
48.6%
Guards! Guards!
45.8%
Lord of Chaos
45.7%
The Once and Future King
45.6%
Winter's Heart
39.2%

You're not logged in!

Compare scores with friends on all Sporcle quizzes.
OR
Log In

Sporcle TV

Today on Sporcle TV


Watch our educational content, quiz creation guides, and fun videos on Sporcle TV.

Show Comments

Extras

Top Quizzes Today


Score Distribution

Your Account Isn't Verified!

In order to create a playlist on Sporcle, you need to verify the email address you used during registration. Go to your Sporcle Settings to finish the process.

Report this User

Report this user for behavior that violates our Community Guidelines.

Details: